• 首页
  • 本馆介绍
  • 公告通知
  • 最新文献
  • 馆藏检索
  • 电子资源
  • 读者导购
  • 参考咨询
  • 我的图书馆
  • 登录
  • 详细信息显示
  • 放入我的书架
  • 预约/预借图书
  • 作者相关作品
  • 分类相关作品
  • 丛书相关作品
  • 出版社相关作品

书目信息

  • 表格格式
  • 工作单格式
  • 卡片格式
题名:
巴黎好吃好玩真好买
    
 
作者: ;好吃好玩编写组 编著
分册:  
出版信息: 北京   中国旅游出版社  2011
页数: 206页
开本: 22cm
丛书名:
单 册:
中图分类: K956.59
科图分类:
主题词: 旅游指南--巴黎 , 旅游指南
电子资源:
ISBN: 978-7-5032-4235-9
000 00870nam0 2200253 450
001 338491
005 20150602173821.93
010    @a978-7-5032-4235-9@dCNY39.80
100    @a20111124d2011 em y0chiy50 ea
101 0  @achi
102    @aCN@b110000
105    @aa z 000yy
106    @ar
200 1  @a巴黎好吃好玩真好买@Aba li hao chi hao wan zhen hao mai@e12-13年版@f《好吃好玩》编写组编著
210    @a北京@c中国旅游出版社@d2011
215    @a206页@c彩图@d22cm
300    @a好吃好玩真好买系列
330    @a本书介绍了巴黎最好吃的16道美食、最好玩的169个景点及15个购物点, 内容涉及埃菲尔铁塔、凯旋门、卢浮宫、加尼埃歌剧院、巴黎圣母院、卢森堡公园、红磨坊等。
606 0  @a旅游指南@y巴黎
606 0  @a旅游指南
690    @aK956.59@v5
711 02 @a好吃好玩编写组@Ahao chi hao wan bian xie zu@4编著
801  0 @aCN@b卓展宏图@c20150525
905    @dK956.59@e323@f4
    
    巴黎好吃好玩真好买:12-13年版/《好吃好玩》编写组编著.-北京:中国旅游出版社,2011
    206页:彩图;22cm
    好吃好玩真好买系列
    
    ISBN 978-7-5032-4235-9:CNY39.80
    本书介绍了巴黎最好吃的16道美食、最好玩的169个景点及15个购物点, 内容涉及埃菲尔铁塔、凯旋门、卢浮宫、加尼埃歌剧院、巴黎圣母院、卢森堡公园、红磨坊等。
●
相关链接 在E读中查询图书 在五车中查询图书 在当当中查询图书 在豆瓣中查询图书


正题名:巴黎好吃好玩真好买     索取号:K956.59/323         预约/预借

序号 登录号 条形码 馆藏地/架位号 状态 备注
1 862395   208623952   第二样本阅览室/ [索取号:K956.59/323] 在馆    
2 862396   208623961   第二借阅区/ [索取号:K956.59/323] 在馆    
3 862397   208623970   第二借阅区/ [索取号:K956.59/323] 在馆    
4 862398   208623989   密集书库-资源管理系/ [索取号:K956.59/323] 在馆    
唐山师范学院图书馆 欢迎您!
大连网信软件有限公司© 版权所有